00613nam a22001817a 450000500170000000800410001702000180005804100120007608200140008810000260010224500680012825000330019626000400022930000310026950000440030065000240034471000630036820231031094150.0230817b |||||||| |||| 00| 0 eng d a9780409049916 aEnglish a340.1 LEW aHoffmann, IMlEnglish aLewis and Kyrou's Handy Hints on legal practice /cIM Hoffmann aSecond South African Edition aSouth Africa : bLexisNexis, c2011 bxxiii, 463 pages ;c24 cm. aIncludes Index Includes Tables of cases blegal practiceaLaw aAttorney and conveyancer of the High Court of South Africa